000 00898nam a22003017a 4500
001 BR7310338
003 BR-BrBNA
005 20230928084203.0
007 ta
008 230509b bl.||||| |||| 00| 0 por d
040 _aBR-BrBNA
_bpor
_cBiblioteca Nacional de Agricultura
041 _a(Por)
072 _aE15; E70; F00
_b2290
_b/G514
090 _ 2290 BR7310338
110 1 _aSecretaria da Fazenda do Parana, Curitiba (Brasil). Assessoria Economica
_98548
245 1 _aCaracteristicas e perspectivas da economia da menta [Producao; Preco; Exportacao; Mentha spp.; Parana; Brasil]
260 3 _aCuritiba, PR (Brasil):
_c1973.
300 _a34 p.
650 _aMicroeconomia
650 _aComercializacao
650 _aProducao vegetal
650 _aMenta
650 _aPreco
650 _aExportacao
650 _aParana
909 _a202309
_bLucia
_c55
_dLucia Elande
942 _cBK
999 _c17357
_d17357